| 000 | 02451cam a2200301 i 4500 | ||
|---|---|---|---|
| 001 | 17878931 | ||
| 005 | 20241031124410.0 | ||
| 008 | 130905s2014 mou b 001 0 eng | ||
| 020 | _a9780323100892 (two volume set, pbk. : alk. paper) | ||
| 020 | _a0323100899 (two volume set, pbk. : alk. paper) | ||
| 020 | _a9780323086783 (single volume, hardcover : alk. paper) | ||
| 020 | _a0323086780 (single volume, hardcover : alk. paper) | ||
| 050 | 0 | 0 |
_aRT41 _b.M488 2014 |
| 082 | 0 | 0 |
_a617/.0231 _223 |
| 100 | 1 |
_aLewis, Sharon Mantik, _eauthor. |
|
| 245 | 1 | 0 |
_aMedical-surgical nursing : _bassessment and management of clinical problems / _cSharon L. Lewis, RN, PhD, FAAN, Professor Emerita, University of New Mexico, Albuquerque, New Mexico, Former Castella Distinguished Professor, School of Nursing, University of Texas Health Science Center at San Antonio, San Antonio, texas, Developer and Consultant, Stress Busting Program for Family Caregivers, Shannon Ruff Dirksen, RN, PhD, FAAN, Associate Professor, College of Nursing and Health Innovation, Arizona State University, Phoenix, Arizona, Margaret McLean Heitkemper, RN, PhD, FAAN, Professor and Chairperson, Biobehavioral Nursing and Health Systems, Elizabeth Sterling Soule Endowed Chair in Nursing, School of Nursing, Adjunct Professor, Division of Gastroenterology, School of Medicine, University of Washington, Seattle, Washington, Linda Bucher, RN, PhD, CEN, CNE, Emerita Professor, School of Nursing, University of Delaware, Newark, Delaware, Consultant/Mentor, W. Cary Edwards School of Nursing, thomas Edison state College, Trenton, New Jersey, Per Diem Staff Nurse, Emergency Department, Virtua Memorial Hospital, Mt. Holly, New Jersey ; special editor, Mariann M. Harding, RN, PhD, CNE, Associate Professor of Nursing, Kent State University at Tuscarawas, New Philadelphia, Ohio. |
| 250 | _aNinth edition. | ||
| 300 |
_a2 volumes (xxxi, 1708 pages, 82 variously numbered pages) : _bcolor illustrations ; _c28 cm |
||
| 500 | _aPreceded by: Medical-surgical nursing : assessment and management of clinical problems / Sharon L. Lewis ... [et al.]. 8th ed. c2011. | ||
| 650 | 1 | 2 | _aNursing Care. |
| 650 | 2 | 2 | _aNursing Assessment. |
| 650 | 2 | 2 | _aPerioperative Nursing. |
| 700 | 1 |
_aDirksen, Shannon Ruff, _eauthor. |
|
| 700 | 1 |
_aHeitkemper, Margaret M. _q(Margaret McLean), _eauthor. |
|
| 700 | 1 |
_aBucher, Linda, _eauthor. |
|
| 700 | 1 |
_aHarding, Mariann, _eeditor. |
|
| 942 |
_2lcc _cBK _n0 |
||
| 999 |
_c453 _d453 |
||